Statistiques concernant Devise de la Team Rocket

Cliquez ici pour prendre le quiz!

Statistiques générales

  • Ce quiz a été pris 74 fois
  • Le résultat moyen est 35 sur 62

Statistiques - réponses

Devise% Correct
la
87%
la
87%
la
87%
la
87%
La
87%
la
87%
la
87%
Rocket,
84%
Team
84%
de
76%
de
76%
de
76%
de
76%
le
74%
à
73%
James.
71%
Jessie.
71%
et
63%
Miaouss,
63%
Nous
63%
les
61%
ou
61%
Pour
60%
ce
58%
guerre!
58%
guerre.
58%
oui
58%
sommes
58%
sera
55%
vous
55%
tous
53%
tous
53%
un
53%
Afin
52%
Afin
52%
Afin
52%
Afin
52%
notre
52%
notre
52%
que
52%
jouer
48%
mauvais
48%
nation.
48%
retour
48%
tour.
48%
plus
47%
monde
45%
Rendez-vous
45%
peuples
44%
lumière.
42%
rapide
42%
dévastation.
40%
rallier
40%
pouvoir
35%
Voie
35%
jusqu'à
34%
Lactée.
34%
préserver
34%
d'étendre
32%
Vérité.
31%
l'Amour
29%
d'écraser
21%

Distribution des résultats

Percentile par nombre de réponses

% des personnes avec chaque résultat

Votre développement - résultats

Vous n’avez pas pris ce quiz